[Event "Tata Steel Chess India 2024 - Blitz"]
[Site "Kolkata"]
[Date "17.11.2024"]
[Round "17B"]
[White "Vidit, Santosh Gujrathi"]
[Black "Narayanan, S.L."]
[Result "1-0"]
[WhiteTitle "GM"]
[BlackTitle "GM"]
[WhiteElo "2739"]
[BlackElo "2647"]
[WhiteFideId "5029465"]
[BlackFideId "5058422"]
[EventDate "2024.11.16"]

1. d4 Nf6 2. c4 e6 3. Nc3 Bb4 4. e3 O-O 5. Bd3 d5 6. Nf3 a6 7. O-O dxc4 8. Bxc4
b5 9. Bd3 Bb7 10. a4 bxa4 11. Nxa4 Nbd7 12. Qe2 c5 13. Rd1 cxd4 14. exd4 a5 15.
Bg5 h6 16. Bh4 Be7 17. Ne5 Nxe5 18. dxe5 Nd5 19. Bg3 g6 20. Be4 Kg7 21. h3 Bc6
22. Bxd5 exd5 23. e6 Bf6 24. exf7 Rxf7 25. Nc5 Qe7 26. Qc2 Kh7 27. Re1 Qd8 28.
Ne6 Qb6 29. Nf4 Rg8 30. Re2 a4 31. h4 h5 32. Nxh5 Bxb2 33. Rae1 a3 34. Re7 Rf8
35. Nf4 Ba8 36. R1e6 1-0

[Event "Tata Steel Chess India 2024 - Blitz"]
[Site "Kolkata"]
[Date "17.11.2024"]
[Round "17B"]
[White "Erigaisi, Arjun"]
[Black "Carlsen, Magnus"]
[Result "0-1"]
[WhiteTitle "GM"]
[BlackTitle "GM"]
[WhiteElo "2799"]
[BlackElo "2831"]
[WhiteFideId "35009192"]
[BlackFideId "1503014"]
[EventDate "2024.11.16"]

1. d4 Nf6 2. c4 e6 3. Nc3 d5 4. cxd5 exd5 5. Bg5 c6 6. e3 Bf5 7. Nge2 Bd6 8. Ng3
Bg6 9. Qf3 Nbd7 10. Nf5 Bxf5 11. Qxf5 h6 12. Bh4 g6 13. Qc2 Qe7 14. Bd3 g5 15.
Bg3 Bxg3 16. hxg3 O-O-O 17. Rb1 Kb8 18. b4 h5 19. Na4 Rc8 20. Nc5 Rc7 21. a4 h4
22. a5 Qf8 23. gxh4 Rxh4 24. Rxh4 gxh4 25. a6 b6 26. Nxd7+ Nxd7 27. Bf5 Nf6 28.
f3 Qg7 29. Bh3 Qg5 30. Rb3 Ne8 31. Qf5 Qxf5 32. Bxf5 Re7 33. Kf2 Nc7 34. Bd3 b5
35. Rc3 Nxa6 36. Rxc6 Nxb4 37. Rc3 Rc7 38. Rb3 Nxd3+ 39. Rxd3 b4 40. e4 Rc2+ 41.
Kg1 a5 0-1

[Event "Tata Steel Chess India 2024 - Blitz"]
[Site "Kolkata"]
[Date "17.11.2024"]
[Round "17B"]
[White "Dubov, Daniil"]
[Black "Praggnanandhaa, Rameshbabu"]
[Result "1/2-1/2"]
[WhiteTitle "GM"]
[BlackTitle "GM"]
[WhiteElo "2693"]
[BlackElo "2737"]
[WhiteFideId "24126055"]
[BlackFideId "25059530"]
[EventDate "2024.11.16"]

1. d4 Nf6 2. c4 e6 3. Nf3 Bb4+ 4. Bd2 Qe7 5. e3 b6 6. Be2 Bb7 7. O-O Bxd2 8.
Nfxd2 O-O 9. Nc3 c5 10. Bf3 d6 11. d5 exd5 12. cxd5 Nbd7 13. e4 Ba6 14. Be2 Bxe2
15. Qxe2 a6 16. a4 Ne8 17. f4 Nc7 18. Rae1 Rfe8 19. e5 dxe5 20. Nde4 Qd8 21. f5
Rf8 22. f6 Ne8 23. fxg7 Nxg7 24. d6 f5 25. Nd2 Kh8 26. Nc4 e4 27. Rd1 Rb8 28.
Ne3 b5 29. axb5 axb5 30. Ncd5 Qg5 31. Nf4 b4 32. Rd5 Rbe8 33. Nc4 Ne6 34. Qe3
Nxf4 35. Qxf4 Qxf4 36. Rxf4 Ra8 37. Rdxf5 Rxf5 38. Rxf5 Kg7 39. Kf2 Ra1 40. Ne5
Nxe5 41. Rxe5 Rd1 42. Rxc5 Rxd6 43. Ke3 Rd3+ 44. Kxe4 Rd2 45. b3 Rxg2 46. Kd3
Rxh2 47. Rc4 Rh3+ 48. Kc2 1/2-1/2

[Event "Tata Steel Chess India 2024 - Blitz"]
[Site "Kolkata"]
[Date "17.11.2024"]
[Round "17B"]
[White "Nihal, Sarin"]
[Black "So, Wesley"]
[Result "0-1"]
[WhiteTitle "GM"]
[BlackTitle "GM"]
[WhiteElo "2676"]
[BlackElo "2747"]
[WhiteFideId "25092340"]
[BlackFideId "5202213"]
[EventDate "2024.11.16"]

1. Nf3 d5 2. e3 c5 3. b3 a6 4. Bb2 Nc6 5. d4 Nf6 6. Be2 Bf5 7. O-O e6 8. dxc5
Bxc5 9. a3 O-O 10. b4 Be7 11. c4 dxc4 12. Bxc4 Ne4 13. Qb3 a5 14. Nd4 Nxd4 15.
Bxd4 Bf6 16. Rd1 a4 17. Qc2 Rc8 18. Qe2 Rxc4 19. Qxc4 e5 20. Qb5 Bg6 21. Nc3
exd4 22. Nxe4 Bxe4 23. exd4 Bxd4 24. Rac1 Qf6 25. Qe2 Qg6 26. g3 Bb6 27. b5 h5
28. Rc4 Bf5 29. Re1 Ba5 30. Rec1 Bd3 31. Qf3 Bxc4 32. Rxc4 b6 33. Kg2 Re8 34.
Rxa4 Qg5 35. Qc6 Re6 36. Qd7 Rf6 37. Re4 Qf5 38. Qxf5 Rxf5 39. a4 g6 40. h4 Kg7
41. f3 Rd5 42. g4 Bc3 43. Rc4 Be5 44. gxh5 gxh5 45. Rc6 Rd6 46. Rc8 Rd4 47. Rc6
Rxh4 48. Rxb6 Rxa4 49. Rc6 Ra2+ 50. Kh1 Rh2+ 0-1

[Event "Tata Steel Chess India 2024 - Blitz"]
[Site "Kolkata"]
[Date "17.11.2024"]
[Round "17B"]
[White "Keymer, Vincent"]
[Black "Abdusattorov, Nodirbek"]
[Result "1/2-1/2"]
[WhiteTitle "GM"]
[BlackTitle "GM"]
[WhiteElo "2733"]
[BlackElo "2777"]
[WhiteFideId "12940690"]
[BlackFideId "14204118"]
[EventDate "2024.11.16"]

1. c4 c5 2. g3 g6 3. Bg2 Bg7 4. Nc3 Nc6 5. d3 d6 6. a3 e6 7. Rb1 Nge7 8. Bd2 a5
9. h4 h6 10. Qc1 d5 11. Nf3 b6 12. Nb5 Bb7 13. O-O h5 14. cxd5 Nxd5 15. Bg5 Qd7
16. Nd2 O-O 17. Nc4 Nd4 18. Nxd4 cxd4 19. Bh6 b5 20. Bxg7 Kxg7 21. Ne5 Qd6 22.
Nf3 Ne7 23. Qd2 Nf5 24. Rbc1 e5 25. b4 axb4 26. axb4 Rfc8 27. Qb2 Bd5 28. Rxc8
Rxc8 29. Ng5 Bxg2 30. Kxg2 Qd5+ 31. Kg1 Nd6 32. Rc1 f6 33. Rxc8 Nxc8 34. Ne4 Nd6
35. Nc5 e4 36. Qa3 e3 37. Qa7+ Kg8 38. fxe3 Qe5 39. Qb8+ Kg7 40. Ne4 Nxe4 41.
Qxe5 fxe5 42. dxe4 dxe3 43. Kg2 Kf6 44. Kf3 Ke6 1/2-1/2

[Event "Tata Steel Chess India 2024 - Blitz"]
[Site "Kolkata"]
[Date "17.11.2024"]
[Round "18B"]
[White "Carlsen, Magnus"]
[Black "Vidit, Santosh Gujrathi"]
[Result "1-0"]
[WhiteTitle "GM"]
[BlackTitle "GM"]
[WhiteElo "2831"]
[BlackElo "2739"]
[WhiteFideId "1503014"]
[BlackFideId "5029465"]
[EventDate "2024.11.16"]

1. c4 e5 2. b3 Nf6 3. Bb2 Nc6 4. e3 d5 5. cxd5 Nxd5 6. a3 Be6 7. Qc2 Qd7 8. Nf3
f6 9. h4 O-O-O 10. Nc3 Nb6 11. Be2 Qf7 12. b4 Bb3 13. Qb1 h6 14. Ne4 f5 15. Nc5
Bxc5 16. bxc5 Na4 17. Bxe5 Rhe8 18. Bf4 Nxc5 19. O-O Ne4 20. Rc1 g5 21. Bh2 Bd5
22. Qb2 f4 23. Rab1 Nd6 24. hxg5 hxg5 25. Nxg5 Qe7 26. Bxf4 Rh8 27. Rc5 Bxg2 28.
Kxg2 Rdg8 29. Bg4+ Kd8 30. Rxc6 1-0

[Event "Tata Steel Chess India 2024 - Blitz"]
[Site "Kolkata"]
[Date "17.11.2024"]
[Round "18B"]
[White "So, Wesley"]
[Black "Dubov, Daniil"]
[Result "1-0"]
[WhiteTitle "GM"]
[BlackTitle "GM"]
[WhiteElo "2747"]
[BlackElo "2693"]
[WhiteFideId "5202213"]
[BlackFideId "24126055"]
[EventDate "2024.11.16"]

1. c4 g6 2. e4 Bg7 3. d4 d6 4. Nc3 Nf6 5. Be2 O-O 6. Nf3 Re8 7. h3 Nc6 8. d5 Nb4
9. Be3 e6 10. Nd2 exd5 11. cxd5 c6 12. a3 Na6 13. dxc6 bxc6 14. O-O Nc7 15. Nc4
d5 16. Na5 Nxe4 17. Nxc6 Nxc3 18. bxc3 Qd6 19. Nd4 Bxh3 20. gxh3 Rxe3 21. fxe3
Qg3+ 22. Kh1 Qxh3+ 23. Kg1 Qg3+ 24. Kh1 Qh3+ 25. Kg1 Qxe3+ 26. Rf2 Qxc3 27. Rc1
Qg3+ 28. Kf1 Qh3+ 29. Rg2 Qh1+ 30. Rg1 Qh3+ 31. Rg2 Ne6 32. Nxe6 fxe6 33. Bg4
Qh1+ 34. Kf2 Rf8+ 35. Bf3 Qh4+ 36. Ke2 Bh6 37. Rc3 Qf6 38. Qd3 Qe5+ 39. Kd1 Qf4
40. Be2 Qa4+ 41. Qc2 Qh4 42. Rxg6+ hxg6 43. Qxg6+ Kh8 44. Bd3 Qh1+ 45. Kc2 Qc1+
46. Kb3 Rb8+ 47. Ka4 Qf4+ 48. Ka5 1-0

[Event "Tata Steel Chess India 2024 - Blitz"]
[Site "Kolkata"]
[Date "17.11.2024"]
[Round "18B"]
[White "Narayanan, S.L."]
[Black "Keymer, Vincent"]
[Result "1-0"]
[WhiteTitle "GM"]
[BlackTitle "GM"]
[WhiteElo "2647"]
[BlackElo "2733"]
[WhiteFideId "5058422"]
[BlackFideId "12940690"]
[EventDate "2024.11.16"]

1. d4 Nf6 2. Nf3 e6 3. Bg5 h6 4. Bh4 c5 5. e3 b6 6. c4 cxd4 7. exd4 Bb7 8. Nc3
Bb4 9. Bd3 O-O 10. O-O Bxc3 11. bxc3 d6 12. Nd2 Nbd7 13. Ne4 Bxe4 14. Bxe4 Rc8
15. Bd3 Qc7 16. Bg3 Qc6 17. Re1 Rfd8 18. a4 e5 19. h3 Re8 20. a5 e4 21. Bf1 Rcd8
22. Qa4 Rc8 23. Qxc6 Rxc6 24. axb6 Nxb6 25. c5 dxc5 26. Bb5 Rec8 27. Bxc6 Rxc6
28. Rxa7 c4 29. Ra6 Nfd5 30. Rb1 Re6 31. Bc7 Nd7 32. Rxe6 fxe6 33. Ba5 N7f6 34.
Kf1 e3 35. Re1 1-0

[Event "Tata Steel Chess India 2024 - Blitz"]
[Site "Kolkata"]
[Date "17.11.2024"]
[Round "18B"]
[White "Praggnanandhaa, Rameshbabu"]
[Black "Erigaisi, Arjun"]
[Result "1-0"]
[WhiteTitle "GM"]
[BlackTitle "GM"]
[WhiteElo "2737"]
[BlackElo "2799"]
[WhiteFideId "25059530"]
[BlackFideId "35009192"]
[EventDate "2024.11.16"]

1. e4 c5 2. Nf3 e6 3. Nc3 Nc6 4. h3 a6 5. g3 b5 6. Bg2 Bb7 7. O-O b4 8. Na4 Nf6
9. Re1 Be7 10. d4 cxd4 11. Nxd4 Nxd4 12. Qxd4 Rc8 13. c4 bxc3 14. Nxc3 Bc5 15.
Qd3 Qb6 16. Qe2 Bd4 17. Bg5 h6 18. Be3 Bxe3 19. Qxe3 Qxb2 20. Rec1 Bc6 21. Rab1
Qa3 22. e5 Nh7 23. Bxc6 dxc6 24. Ne4 Qxe3 25. Nd6+ Kd7 26. fxe3 Rb8 27. Nxf7
Rhf8 28. Nd6 Ng5 29. Kg2 Kc7 30. h4 Nh7 31. Rxb8 Rxb8 32. Rf1 Rf8 33. Rc1 g5 34.
Rc4 Rb8 35. Ra4 Rb2+ 36. Kf3 Rh2 37. Rxa6 Nf8 38. Ra8 Ng6 39. Ra7+ Kb6 40. Rb7+
Kc5 41. Ne4+ Kd5 42. Rd7+ Kxe5 43. hxg5 hxg5 44. Rg7 g4+ 45. Kxg4 Kxe4 46. Rxg6
e5 47. a4 Rc2 48. Re6 Rc4 49. a5 Kxe3+ 50. Kf5 e4 51. a6 Kf3 52. g4 e3 53. g5 e2
54. g6 Rf4+ 55. Kg5 Re4 56. Rxe4 Kxe4 57. a7 e1=Q 58. a8=Q Qg3+ 59. Kf6 Qe5+ 60.
Kf7 Qf5+ 61. Kg7 Qe5+ 62. Kg8 Qe6+ 63. Kh7 Qh3+ 64. Kg7 Qc3+ 65. Kf7 Qb3+ 66.
Kf8 Qf3+ 67. Ke7 Ke5 68. Qh8+ Kd5 69. Qd8+ Kc4 70. Qd6 Kb5 71. g7 Qg4 72. Qe5+
Ka6 73. Kf8 Qf3+ 74. Ke8 Qg4 75. Ke7 Qc8 76. Qe6 Qc7+ 77. Kf8 Qd8+ 78. Kf7 Qc7+
79. Kf6 Qf4+ 80. Qf5 Qd6+ 81. Kf7 Qc7+ 82. Kg6 Qg3+ 83. Kf6 Qd6+ 84. Qe6 Qf4+
85. Kg6 Qg3+ 86. Kf7 Qc7+ 87. Kf8 Qb8+ 88. Ke7 Qc7+ 89. Qd7 Qe5+ 90. Kd8 Qg5+
91. Kc7 Qe5+ 92. Kxc6 Qf6+ 93. Kc7 Qe5+ 94. Qd6+ 1-0

[Event "Tata Steel Chess India 2024 - Blitz"]
[Site "Kolkata"]
[Date "17.11.2024"]
[Round "18B"]
[White "Abdusattorov, Nodirbek"]
[Black "Nihal, Sarin"]
[Result "0-1"]
[WhiteTitle "GM"]
[BlackTitle "GM"]
[WhiteElo "2777"]
[BlackElo "2676"]
[WhiteFideId "14204118"]
[BlackFideId "25092340"]
[EventDate "2024.11.16"]

1. e4 e5 2. Nf3 Nc6 3. Bc4 Bc5 4. c3 Nf6 5. d3 O-O 6. Nbd2 d6 7. b4 Bb6 8. a4 a6
9. O-O h6 10. Bb3 Be6 11. Nc4 Ba7 12. Be3 Bxe3 13. Nxe3 Ne7 14. Bxe6 fxe6 15. g3
Ng6 16. Ra2 d5 17. Qb3 Kh7 18. Rd1 c6 19. Ne1 Nh5 20. Qc2 Qg5 21. N3g2 Qg4 22.
Qe2 Qh3 23. Qf1 Nf6 24. Ne3 Qh5 25. Qe2 Qh3 26. f3 Rf7 27. c4 Raf8 28. Rad2 Qh5
29. Qg2 Qg5 30. Re2 Nh5 31. Kh1 Rd8 32. exd5 exd5 33. cxd5 cxd5 34. Ng4 Re8 35.
Nc2 e4 36. dxe4 dxe4 37. Qh3 Rxf3 38. Nd4 Rd3 39. Rxd3 exd3 40. Rxe8 Qc1+ 41.
Kg2 Nhf4+ 42. gxf4 Nxf4+ 43. Kg3 Nxh3 44. Ne6 d2 45. Nf8+ Kg8 46. Ne5 Qe1+ 47.
Kxh3 Qxe5 48. Rxe5 d1=Q 49. Ne6 Qb3+ 50. Kg4 Qxb4+ 51. Kf5 Qxa4 52. Rd5 Qc2+ 53.
Ke5 Qxh2+ 54. Ke4 Qe2+ 55. Kf5 Qh5+ 56. Ke4 Qg6+ 57. Ke5 Qf6+ 58. Kd6 b5 59. Rd4
a5 60. Rf4 Qc3 61. Rf8+ Kh7 62. Ra8 Kg6 63. Nf4+ Kg5 64. Nd5 Qa3+ 65. Kc6 b4 66.
Re8 Qa4+ 67. Kd6 Qxe8 0-1